| 000 | 00789nam a2200229 4500 | ||
|---|---|---|---|
| 003 | OSt | ||
| 005 | 20240702014137.0 | ||
| 006 | a | ||
| 008 | 240702b |||||||| |||| 00| 0 eng d | ||
| 020 | _a9781598845990 | ||
| 040 |
_aDWCL-Main lib. _cOC |
||
| 082 |
_2Second edition _aCirc. 375.001 B622c 2011 |
||
| 100 | _aBishop. Kay | ||
| 245 | _aConnecting libraries with classrooms : the curricular roles of the media specialist / | ||
| 250 | _aSecond edition | ||
| 260 |
_aCalifornia : _bLibraries Unlimited, _cc2011. |
||
| 300 |
_axvi, _b122 p. ; _c28 cm. |
||
| 504 | _aIncludes bibliographical references & index. | ||
| 650 | _a1. School librarian participation in curriculum planning. | ||
| 650 | _a2. Media programs (Education) | ||
| 942 |
_2ddc _n0 _cBK-CIRC _eSecond edition _kCirc. |
||
| 999 |
_c1754 _d1754 |
||